Colateral : lugar y tiempo equivocado : material adicional = Collateral : Special Features /
שמור ב:
| פורמט: | |
|---|---|
| שפה: | אנגלית |
| יצא לאור: |
Universal City, EUA : Los Angeles, EUA :
DreamWorks ; Paramount Pictures,
2004, c2004
México : Paramount Pictures [distribuición], copyright fecha no identificada |
| סדרה: | (Paramount Collection)
|
| נושאים: | |
| תגים: |
אין תגיות, היה/י הראשונ/ה לתייג את הרשומה!
|
MARC
| LEADER | 00000ngm^a2200000^a^4500 | ||
|---|---|---|---|
| 001 | 000184420 | ||
| 005 | 20251020000000.0 | ||
| 009 | 20260310102115.857 | ||
| 037 | |a Acervo ITESO - Biblioteca | ||
| 041 | |a ING | ||
| 082 | |a 810. |b MAN V. 2 | ||
| 240 | 1 | 1 | |a [Colateral: lugar y tiempo equivocado] |
| 245 | 0 | 0 | |a Colateral : |b lugar y tiempo equivocado : material adicional = Collateral : Special Features / |
| 264 | 4 | |a Universal City, EUA : |b DreamWorks ; |a Los Angeles, EUA : |b Paramount Pictures, |c 2004, c2004 | |
| 264 | 4 | |a México : |b Paramount Pictures [distribuición], |c copyright fecha no identificada | |
| 300 | |a 1 DVD región 4 |c (41 min.) + |e 1 lámina | ||
| 336 | |a imagen móvil bidimensional |b tdi |2 rdacontenido | ||
| 337 | |a video |b v |2 rdamedio | ||
| 338 | |a videodisco |b vd |2 rdasoporte | ||
| 440 | 1 | |a (Paramount Collection) | |
| 546 | |a En inglés, con subtítulos opcionales: español, inglés, portugués | ||
| 649 | |a XX | ||
| 650 | |a Cineastas Norteamericanos | ||
| 650 | |a Making Of (Documentales detrás de Cámaras) | ||
| 650 | |a Cine Norteamericano - |x Historia y Crítica | ||
| 650 | |a Cine Norteamericano - |y 2000-2009 | ||
| 650 | |a Cine Norteamericano - |y Siglo XXI | ||
| 650 | |a Mann, Michael - |x Tema Principal | ||
| 740 | 0 | |a Ciudad de la noche : |b la realización de Colateral: lugar y tiempo equivocado = City of Night : The Making of Collateral / | |
| 910 | |a Fondo General | ||
| 920 | |a Audiovisuales - DVDs | ||
| 940 | |a Películas | ||
| 905 | |a 302 | ||
| 901 | |a 0500089186 |b IT2 |c DVS |u 20250521 | ||
| 901 | |a 0500240329 |b IT2 |c MIN |u 20251020 | ||
| 902 | |a https://opac.biblio.iteso.mx/vufind/Record/000184420 | ||